书目信息 |
| 题名: |
马克思主义百科辞典
|
|
| 作者: | 于俊文 主编 | |
| 分册: | 2 | |
| 出版信息: | 长春 东北师范大学出版社 1988 |
|
| 页数: | 623页 | |
| 开本: | 20cm | |
| 丛书名: | ||
| 单 册: | ||
| 中图分类: | A81-61 | |
| 科图分类: | ||
| 主题词: | 马恩著作--学习 , 马恩著作研究 | |
| 电子资源: | ||
| ISBN: | 7-5602-0272-1 | |
| 000 | 00604nam0 2200205 45 | |
| 001 | 1557461145 | |
| 005 | 20150104160149.35 | |
| 010 | @a7-5602-0272-1@dRMB 10.00 | |
| 100 | @a20150104d1988 km y0chiy0120 ea | |
| 101 | 0 | @achi |
| 102 | @aCN@b220000 | |
| 200 | 1 | @a马克思主义百科辞典@Ama ke si zhu yi bai ke ci dian@h2@f于俊文等主编@Fyu jun wen deng zhu bian |
| 210 | @a长春@c东北师范大学出版社@d1988 | |
| 215 | @a623页@d20cm | |
| 606 | 0 | @a马恩著作@x学习 |
| 606 | 0 | @a马恩著作研究 |
| 690 | @aA81-61@v4 | |
| 701 | 0 | @a于俊文@Ayu jun wen@4主编 |
| 801 | 0 | @aCN@bPFT@c20150104 |
| 905 | @a10447@dA81-61@eY713:2 | |
| 马克思主义百科辞典.2/于俊文等主编.-长春:东北师范大学出版社,1988 |
| 623页;20cm |
| ISBN 7-5602-0272-1:RMB 10.00 |
| ● |
| 相关链接 |
|
|
|
正题名:马克思主义百科辞典
索取号:A81-61/Y713:2
 
预约/预借
| 序号 | 登录号 | 条形码 | 馆藏地/架位号 | 状态 | 备注 |
| 1 | 495640 | 204956404 | 社科库509/509社科库 4排1列3层/ [索取号:A81-61/Y713:2] | 在馆 |